Statistics for Longest Running U.S. Soap Operas

Click here to take the quiz!

General Stats

  • This quiz has been taken 226 times
  • The average score is 8 of 14

Answer Stats

BroadcastEpisodesNetworkAnswer% Correct
1963-13,600ABCGeneral Hospital
92%
1965-12,818NBCDays of Our Lives
89%
1973-10,400CBSThe Young and the Restless
80%
1970-201110,712ABCAll My Children
73%
1987-6,500CBSThe Bold and the Beautiful
73%
1952-200915,762CBSGuiding Light
68%
1956-201013,858CBSAs the World Turns
67%
1968-201211,096ABCOne Life to Live
64%
1964-19998,891NBCAnother World
46%
1956-19847,420CBS/ABCThe Edge of Night
34%
1951-19869,130CBS/NBCSearch for Tomorrow
22%
1963-19825,280NBCThe Doctors
22%
1951-19807,316CBSLove of Life
13%
1954-19745,195CBSThe Secret Storm
13%

Score Distribution

Percentile by Number Answered

Percent of People with Each Score

Your Score History

You have not taken this quiz